Normal view
MARC view
- Ruffing, Daniel
Entry Personal Name
001 - CONTROL NUMBER
- control field: 89323
003 - CONTROL NUMBER IDENTIFIER
- control field: NUST
005 - DATE AND TIME OF LATEST TRANSACTION
- control field: 20220221164826.0
008 - FIXED-LENGTH DATA ELEMENTS
- fixed length control field: 220221|| aca||aabn | a|a d
040 ## - CATALOGING SOURCE
- Original cataloging agency: NUST
- Transcribing agency: NUST
100 ## - HEADING--PERSONAL NAME
- Personal name: Ruffing, Daniel
670 ## - SOURCE DATA FOUND
- Source citation: Work cat.: (NUST)0: Evans, Jeffrey C., author. 89320, Fundamentals of ground improvement engineering /
